|
|
|
|
| LEADER |
00000nam0a2200000 4500 |
| 001 |
363120 |
| 005 |
20231102011546.0 |
| 035 |
|
|
|a (RuTPU)RU\TPU\retro\20467
|
| 090 |
|
|
|a 363120
|
| 100 |
|
|
|a 20210920d1980 km y0rusy50 ca
|
| 101 |
0 |
|
|a rus
|
| 102 |
|
|
|a RU
|
| 105 |
|
|
|a a z 001zy
|
| 200 |
1 |
|
|a АСУ на предприятиях по обработке цветных металлов
|f под ред. Ю. Ф. Шевакина, А. М. Рытикова
|
| 210 |
|
|
|a Москва
|c Металлургия
|d 1980
|
| 215 |
|
|
|a 152с.
|c ил.
|
| 320 |
|
|
|a Библиогр.: с.151-152
|
| 606 |
1 |
|
|a Металлургические заводы
|x Цветная металлургия
|2 stltpush
|3 (RuTPU)RU\TPU\subj\42868
|9 62485
|
| 610 |
1 |
|
|a АСУ
|
| 610 |
1 |
|
|a автоматизированные системы управления
|
| 610 |
1 |
|
|a автоматизированные системы управления предприятиями
|
| 610 |
1 |
|
|a структура
|
| 610 |
1 |
|
|a техническое обеспечение
|
| 610 |
1 |
|
|a информационное обеспечение
|
| 610 |
1 |
|
|a программное обеспечение
|
| 610 |
1 |
|
|a подпрограммы
|
| 610 |
1 |
|
|a подсистемы
|
| 610 |
1 |
|
|a учет
|
| 610 |
1 |
|
|a контроль
|
| 610 |
1 |
|
|a анализ
|
| 610 |
1 |
|
|a материально-техническое снабжение
|
| 610 |
1 |
|
|a эксплуатация
|
| 675 |
|
|
|a 669.2.013
|v 4
|
| 702 |
|
1 |
|a Шевакин
|b Ю. Ф.
|4 340
|
| 702 |
|
1 |
|a Рытиков
|b А. М.
|4 340
|
| 801 |
|
1 |
|a RU
|b 63413507
|c 20210920
|
| 942 |
|
|
|c BK
|